Surnoms des pays - Statistiques

Statistiques générales
  • Ce quiz a été pris 219 fois
  • Le résultat moyen est 12 sur 15
Statistiques - réponses
Surnom Pays % Correct
Le pays des kangourous Australie
98%
La botte Italie
98%
L'hexagone France
97%
Le pays à la feuille d'érable Canada
96%
L'Amérique États-unis
95%
Le pays du soleil levant Japon
94%
La Hollande Pays-Bas
94%
Le pays du chocolat Suisse
83%
Le pays des kiwis Nouvelle-Zélande
78%
Le Saint-Siège Vatican
77%
Le rocher Monaco
75%
Le pays du thé Royaume-uni
69%
Le pays du cèdre Liban
66%
Le toit du monde Népal
64%
Le pays des Mille Lacs Finlande
47%
Aucun quiz correspondant
Distribution des résultats
% des personnes avec chaque résultat
Percentile par nombre de réponses
Votre historique - résultats
Vous n’avez pas pris ce quiz